[Event "54th Ilmar Raud Memorial"]
[Site "Viljandi"]
[Date "2020.07.07"]
[Round "2.2"]
[White "Neiksans, Arturs"]
[Black "Valner, Uku"]
[Result "1-0"]
[WhiteElo "2557"]
[BlackElo "2302"]
[PlyCount "123"]
[EventDate "2020.??.??"]

1. Nf3 {[%emt 0:00:02]} e6 {[%emt 0:01:30]} 2. g3 {[%emt 0:00:51]} Nf6 {
[%emt 0:01:12]} 3. Bg2 {[%emt 0:00:27]} d5 {[%emt 0:01:32]} 4. O-O {[%emt 0:00:
45]} Bd6 {[%emt 0:04:05]} 5. c4 {[%emt 0:02:50]} O-O {[%emt 0:02:08]} 6. d4 {
[%emt 0:00:51]} c6 {[%emt 0:03:49]} 7. Nc3 {[%emt 0:05:04]} Ne4 {[%emt 0:03:22]
} 8. Qc2 {[%emt 0:05:26]} (8. Nxe4 dxe4 9. Ne5 f6 (9... c5 10. Bxe4 cxd4 11.
Qxd4) 10. c5 fxe5 11. cxd6 Qxd6 12. Be3 (12. dxe5 Qxe5 13. Bf4 Qh5 14. Qb3 Qxe2
15. Rad1 Qb5 16. Qc2 e5 17. a4 Qa5 18. Bd2 Qc7 19. Bxe4 h6 20. Bb4 Rf6 21. Qd3
Na6 22. Bd6)) 8... f5 {[%emt 0:08:40]} 9. Rb1 {[%emt 0:01:47]} Nd7 {[%emt 0:01:
51]} 10. b4 {[%emt 0:03:58]} a6 {[%emt 0:10:33]} 11. a4 {[%emt 0:02:21]} Ndf6 {
[%emt 0:12:41]} 12. c5 {[%emt 0:05:47]} Bc7 {[%emt 0:06:45]} 13. b5 {[%emt 0:
02:38]} Qe8 {[%emt 0:02:30]} 14. bxc6 {[%emt 0:03:14]} Qxc6 {[%emt 0:02:12]}
15. Bf4 {[%emt 0:04:47]} Bxf4 {[%emt 0:05:53]} 16. gxf4 {[%emt 0:00:21]} Nxc3 {
[%emt 0:00:07]} 17. Qxc3 {[%emt 0:00:05]} Qxa4 {[%emt 0:00:08]} 18. Ne5 {
[%emt 0:01:51]} Qe8 {[%emt 0:00:44]} 19. Rb3 {[%emt 0:04:58]} Nd7 {[%emt 0:03:
55]} 20. Nd3 {[%emt 0:11:51]} Nb8 {[%emt 0:00:58]} 21. Ra1 {[%emt 0:00:26]} Ra7
{[%emt 0:03:25]} 22. Qb2 {[%emt 0:07:54]} Nc6 {[%emt 0:04:01]} 23. e3 {[%emt 0:
01:56]} Rf7 {[%emt 0:01:19]} 24. Bf1 {[%emt 0:03:08]} Rc7 {[%emt 0:00:57]} 25.
Be2 {[%emt 0:04:14]} Bd7 {[%emt 0:03:21]} 26. Rb6 {[%emt 0:01:23]} Qe7 {
[%emt 0:01:30]} 27. Kh1 {[%emt 0:07:09]} Be8 {[%emt 0:02:08]} 28. Qd2 {[%emt 0:
00:37]} Qh4 {[%emt 0:04:12]} 29. Qd1 {[%emt 0:03:22]} Qe7 {[%emt 0:00:54]} 30.
Qg1 {[%emt 0:03:45]} Nd8 {[%emt 0:03:03]} 31. Qg5 {[%emt 0:02:53]} Qxg5 {
[%emt 0:01:30]} (31... Qf6 32. Qxf6 gxf6) 32. fxg5 {[%emt 0:00:04]} Kf8 {
[%emt 0:02:37]} 33. Kg2 {[%emt 0:01:04]} Ke7 {[%emt 0:01:11]} 34. Kf1 {[%emt 0:
00:54]} Ra8 {[%emt 0:01:00]} 35. Nf4 {[%emt 0:04:08]} Bc6 {[%emt 0:00:46]} 36.
h4 {[%emt 0:00:25]} Rcc8 {[%emt 0:01:10]} 37. Ke1 {[%emt 0:01:30]} Rc7 {
[%emt 0:00:37]} 38. Kd2 {[%emt 0:00:09]} Bd7 {[%emt 0:00:39]} 39. Bd3 {[%emt 0:
00:43]} Bc6 {[%emt 0:00:37]} 40. f3 {[%emt 0:02:15]} Rac8 {[%emt 0:00:28]} 41.
Re1 {[%emt 0:01:20]} Kf7 {[%emt 0:02:03]} 42. h5 {[%emt 0:01:46]} (42. g6+ hxg6
43. Rg1) 42... Kf8 {[%emt 0:05:23]} 43. Bb1 {[%emt 0:05:30]} Rd7 {[%emt 0:01:
43]} 44. Kc3 {[%emt 0:01:01]} Re7 {[%emt 0:02:12]} 45. g6 {[%emt 0:01:33]} h6 {
[%emt 0:00:44]} 46. Bd3 {[%emt 0:00:15]} Ke8 {[%emt 0:02:10]} 47. Kb2 {[%emt 0:
00:58]} (47. e4 dxe4 48. fxe4 e5) (47. Kd2 Rcc7 48. e4 fxe4 49. fxe4 dxe4 50.
Bxe4 e5 51. Bxc6+ bxc6 52. dxe5 a5 53. Ra6 Ra7) 47... Kd7 {[%emt 0:00:42]} 48.
Re2 {[%emt 0:01:47]} (48. e4 fxe4 49. fxe4 dxe4 (49... Rc7 50. Re3) 50. Bxe4 e5
(50... Bxe4 51. Rxe4 e5 52. Rd6+ Ke8 53. Nd5) 51. Bf5+) 48... Rc7 {[%emt 0:01:
11]} 49. Ka3 {[%emt 0:02:27]} Kc8 {[%emt 0:00:52]} 50. e4 {[%emt 0:01:50]} fxe4
{[%emt 0:00:34]} 51. fxe4 {[%emt 0:00:03]} dxe4 {[%emt 0:00:13]} 52. Bxe4 {
[%emt 0:00:03]} Bxe4 {[%emt 0:02:54]} 53. Rxe4 {[%emt 0:00:04]} Rcd7 {[%emt 0:
00:36]} 54. Kb2 {[%emt 0:04:52]} Nc6 55. Kc3 {[%emt 0:00:05]} e5 {[%emt 0:01:
03]} (55... Nxd4 56. Rxd4 Rxd4 57. Kxd4 e5+ 58. Kd5 exf4 59. Rb4 f3 60. Rf4 Kd7
61. Rxf3 Kc7 (61... a5 62. Ra3 Re2) 62. Rf7 Kd7 63. Rf8 Kc7) 56. dxe5 {[%emt 0:
00:08]} Nxe5 {[%emt 0:00:24]} 57. Rd6 {[%emt 0:00:15]} Nc6 {[%emt 0:00:42]} (
57... Nxg6 58. Nd5 Rxd6 59. Nxe7+ Nxe7 60. cxd6 Nf5) 58. Nd5 {[%emt 0:01:17]}
Rxd6 {[%emt 0:00:41]} (58... Rxe4 59. Nb6+ Kb8 60. Rxd7 Re7) 59. Nxe7+ {
[%emt 0:00:03]} Nxe7 {[%emt 0:00:05]} 60. cxd6 {[%emt 0:00:04]} Nf5 {[%emt 0:
00:11]} 61. Re5 {[%emt 0:00:48]} Ng3 {[%emt 0:01:12]} 62. Kc4 {[%emt 0:00:38]}
1-0

[Event "54th Ilmar Raud Memorial"]
[Site "Viljandi"]
[Date "2020.07.07"]
[Round "2.3"]
[White "Haavamäe, Henrik"]
[Black "Külaots, Kaido"]
[Result "0-1"]
[WhiteElo "2210"]
[BlackElo "2524"]
[PlyCount "104"]
[EventDate "2020.??.??"]

1. e4 {[%emt 0:00:05]} c5 {[%emt 0:00:45]} 2. Nf3 {[%emt 0:00:07]} Nc6 {
[%emt 0:00:06]} 3. d4 {[%emt 0:00:30]} cxd4 {[%emt 0:00:06]} 4. Nxd4 {[%emt 0:
00:03]} e6 {[%emt 0:00:12]} 5. Nc3 {[%emt 0:00:50]} a6 {[%emt 0:00:13]} 6. Be3
{[%emt 0:01:42]} Nf6 {[%emt 0:01:17]} 7. Bd3 {[%emt 0:05:38]} d5 {[%emt 0:00:
31]} 8. exd5 {[%emt 0:01:33]} (8. O-O e5 9. Nxc6 bxc6 10. exd5 cxd5 11. Re1 Be6
12. Bg5 e4 13. Bxf6 gxf6 14. Bf1 Bd6 15. Qd2 Qd7 16. Rad1 Rd8 17. Qh6 Qc6 18.
Ne2 Be5 19. c3 Ke7 20. Rd2 Rhg8 21. g3 Qb6 22. Nf4 Rg5 23. Ng2 Rdg8 24. Ne3 Bf4
25. Bg2 Bxe3 (25... Qb8 26. gxf4 Qxf4 27. Kh1 R8g6 28. Qxh7 Rxg2 29. Nxg2 Qxd2)
26. Rxe3 R8g6 27. Qxh7 Rg7 28. Qh6 R5g6 29. Qh5 f5 30. Qh4+ f6 31. Re1 Rg4 32.
Qh5 f4 33. Kh1 R4g5 34. Qh8 f3 35. Bh3 Bg8 36. Bf5 Kf7 37. Rxd5 Qxf2 38. Rd7+
Kf8 39. Rd8+ Ke7 40. Rd7+ Kf8 41. Rg1 (41. Qxg8+ Rxg8 42. Rd8+ Kg7 43. Rd7+ Kh8
44. Rh7#) 41... Rxd7 42. Qxf6+ Bf7 43. Qh6+ Rg7 44. Bxd7 Qc5 45. Rd1 f2 46.
Qh8+ Bg8 47. Qh6 Qd5 {[%cal Re4e3]} 48. Kg2 (48. Rxd5 f1=Q#) 48... e3+ 49. Kh3
(49. Rxd5 Bxd5+ 50. Kf1 Bc4+ 51. Kg2 f1=Q#) 49... Qg5 (49... Qf3 50. Qd6+ Re7
51. Qh6+ Kf7 52. Be6+ Rxe6 53. Rd7+ Ke8) 50. Qd6+ Re7 51. Bg4 Bd5 (51... Bc4) (
51... Be6 52. Bxe6 e2 53. Qd8+ Kg7 54. Qg8+ Kf6 55. Qf8+ Kxe6) 52. Be2 Be4 53.
g4 Kg7 54. Kg3 Kh7 55. h4 Qg7 56. Qf4 Bc2 57. Rd6 Rf7 58. Rh6+ Kg8 59. Bc4 e2
60. Qxf7+ {1-0 (60) Robson,R (2562)-Timman,J (2586) Paks 2010}) 8... exd5 {
[%emt 0:00:10]} 9. O-O {[%emt 0:03:08]} Bd6 {[%emt 0:01:53][%cal Rd6c7,Rd8d6]}
10. h3 {[%emt 0:07:04]} O-O {[%emt 0:00:33]} 11. Re1 {[%emt 0:08:50]} Re8 {
[%emt 0:11:35]} 12. Qd2 {[%emt 0:06:18]} h6 {[%emt 0:18:19]} 13. Rad1 {[%emt 0:
07:48]} Ne5 {[%emt 0:06:41]} 14. Nf5 {[%emt 0:07:22]} (14. Bf1 {[%cal Rf2f4]}
Bd7 15. Nb3 Bxh3 16. f4 Nc4 (16... Bg4 17. fxe5 Rxe5 18. Bf4 Rh5 19. Be2 g5 20.
Bxd6 Qxd6 21. Qd4 Qh2+ 22. Kf2 Bxe2 23. Rxe2 Rh4 24. Qxf6 Rf4+ 25. Qxf4 Qxf4+
26. Kg1) 17. Bxc4 dxc4 18. Qxd6 Qc8 19. Nc5 Bxg2 (19... Qg4 20. Qd2) 20. Kxg2 (
20. Nd7 Re6 21. Qc5) 20... Qg4+ 21. Kf2 Qh3 22. Qxf6 (22. Rg1 Rxe3) 22... gxf6
23. N3e4 Qh2+ 24. Kf3 Qh3+ 25. Kf2) 14... Bxf5 {[%emt 0:07:58]} 15. Bxf5 {
[%emt 0:00:06]} Nc4 {[%emt 0:00:24]} 16. Qc1 {[%emt 0:01:53]} Rxe3 {[%emt 0:10:
23]} (16... Be5) (16... Nxe3 17. Rxe3 Rxe3 18. Qxe3 Qa5) 17. fxe3 {[%emt 0:07:
22]} (17. Rxe3 Bf4 18. Re8+ Qxe8 19. Qxf4 Nxb2 20. Rb1 b5 21. Rxb2 Qe1+ 22. Kh2
Qxc3) 17... Bc7 {[%emt 0:28:44][%cal Rb8h2]} 18. Nxd5 {[%emt 0:20:59]} Nxd5 {
[%emt 0:00:19]} 19. Be4 {[%emt 0:00:17]} Qd6 {[%emt 0:03:17]} 20. Bxd5 {
[%emt 0:00:24]} Qh2+ {[%emt 0:00:10]} 21. Kf1 {[%emt 0:00:14]} Bg3 {[%emt 0:02:
35]} 22. Bxc4 $4 {[%emt 0:11:13]} (22. Rd4 Nxb2 (22... Qh1+ 23. Ke2 Qxe1+ 24.
Qxe1 Bxe1 25. Rxc4 {[%csl Rd5][%cal Rc4c7,Re3e4]} Bg3 26. Bxb7) (22... Nd6 23.
Ke2 Bxe1 24. Qxe1 Qe5 25. Qf2) 23. Ke2 (23. Red1 Nxd1) 23... Bxe1 24. Qxe1 {
[%csl Rd5][%cal Rd5g2,Rd5f7]}) 22... Qh1+ {[%emt 0:00:22]} 23. Ke2 {[%emt 0:00:
02]} Qxg2+ {[%emt 0:00:16]} 24. Kd3 {[%emt 0:00:03]} Bxe1 {[%emt 0:00:32]} 25.
Rxe1 {[%emt 0:00:35]} b5 {[%emt 0:00:33]} 26. b3 {[%emt 0:07:18]} (26. Bb3 Rd8+
27. Kc3 Qc6+ 28. Kb4 a5+ 29. Kxa5 Qc5 30. Bxf7+ Kh8) 26... bxc4+ {[%emt 0:00:
44]} 27. Kxc4 {[%emt 0:01:27]} Rc8+ {[%emt 0:04:08]} (27... Qe4+ 28. Kc3 Qe5+
29. Kb4 (29. Kd3 Rd8+ 30. Ke2 Qh2+ 31. Kf3 Rd2) 29... Rb8+ 30. Ka3 Rb5) 28. Kd3
{[%emt 0:00:27]} Qd5+ {[%emt 0:00:08]} 29. Ke2 {[%emt 0:00:07]} Qg2+ {[%emt 0:
00:17]} (29... Qh5+ 30. Kd3 (30. Kf2 Qf5+) 30... Rd8+ 31. Kc3 Qe5+ 32. Kb4 Rb8+
33. Ka3 Rb5) 30. Kd3 {[%emt 0:00:07]} Qd5+ {[%emt 0:00:30]} 31. Ke2 {[%emt 0:
00:06]} Qh5+ {[%emt 0:01:28]} 32. Kd3 {[%emt 0:00:53]} Qxh3 {[%emt 0:00:37]} (
32... Rd8+ 33. Kc4 Qb5+ 34. Kc3 Qe5+ 35. Kb4 Rb8+ 36. Ka3 (36. Ka4 Qc3) 36...
Rb5) 33. c4 {[%emt 0:00:29]} Qh2 {[%emt 0:00:23]} 34. Qc2 {[%emt 0:01:49]} Rd8+
{[%emt 0:00:38]} 35. Kc3 {[%emt 0:00:04]} Qe5+ {[%emt 0:00:20]} 36. Kb4 {
[%emt 0:00:03]} Qe7+ {[%emt 0:00:42]} (36... Rb8+ 37. Ka4 Qc5 38. Qd2 a5 39.
Rd1 (39. Qxa5 Qc6+ 40. Ka3 Ra8) (39. a3 Qc6+ 40. Kxa5 Qa8#) 39... Rb4+ 40. Ka3
Rxc4+ 41. Kb2 Qe5+ 42. Kb1 Re4) 37. c5 {[%emt 0:00:19]} (37. Kc3 Qe5+ 38. Kb4
Rb8+) (37. Ka4 a5 38. Qc3 Rd3 39. Qxa5 Rd7 40. Qa8+ Kh7 41. Kb5 Rd8) 37... a5+
{[%emt 0:00:28]} (37... Qh4+) 38. Ka3 {[%emt 0:01:33]} h5 {[%emt 0:00:17]} 39.
Kb2 {[%emt 0:00:49]} Qe5+ {[%emt 0:00:24]} 40. Kb1 {[%emt 0:00:27]} h4 {
[%emt 0:00:33]} 41. a3 {[%emt 0:03:05]} h3 {[%emt 0:02:05]} 42. c6 {[%emt 0:02:
17]} g5 {[%emt 0:04:19]} 43. c7 {[%emt 0:04:53]} Rc8 {[%emt 0:00:17]} 44. Rc1 {
[%emt 0:00:11]} Rxc7 {[%emt 0:03:16]} 45. Qxc7 {[%emt 0:00:12]} Qxc7 {[%emt 0:
00:04]} 46. Rxc7 {[%emt 0:00:06]} h2 {[%emt 0:00:08]} 47. Rc1 {[%emt 0:00:06]}
g4 {[%emt 0:00:05]} 48. Kc2 {[%emt 0:00:34]} g3 {[%emt 0:00:06]} 49. Rh1 {
[%emt 0:00:04]} g2 {[%emt 0:00:15]} 50. Rxh2 {[%emt 0:00:05]} g1=Q {[%emt 0:00:
06]} 51. Re2 {[%emt 0:00:19]} Qa1 {[%emt 0:00:12]} 52. b4 {[%emt 0:00:35]} (52.
a4 Qa2+ 53. Kd3 Qxb3+ 54. Kd2 Qxa4) 52... a4 {[%emt 0:00:23]} 0-1

[Event "54th Ilmar Raud Memorial"]
[Site "Viljandi"]
[Date "2020.07.07"]
[Round "2.4"]
[White "Laurusas, Tomas"]
[Black "Vorobjov, Pavel"]
[Result "1-0"]
[WhiteElo "2511"]
[BlackElo "2269"]
[PlyCount "29"]
[EventDate "2020.??.??"]

1. d4 {[%emt 0:00:02]} d5 {[%emt 0:00:07]} 2. Bg5 {[%emt 0:03:10]} h6 {[%emt 0:
03:22]} 3. Bh4 {[%emt 0:00:14]} c5 {[%emt 0:08:38]} 4. dxc5 {[%emt 0:04:27]}
Qa5+ {[%emt 0:02:10]} 5. Nd2 {[%emt 0:00:12]} e5 {[%emt 0:09:06]} 6. c3 {
[%emt 0:07:01]} Qxc5 {[%emt 0:00:35]} 7. e4 {[%emt 0:07:42]} dxe4 {[%emt 0:05:
23]} 8. Nxe4 {[%emt 0:00:22]} Qc7 {[%emt 0:00:15]} 9. Nf3 {[%emt 0:00:26]} Nc6
{[%emt 0:06:29]} 10. Bb5 {[%emt 0:04:09]} Be6 {[%emt 0:18:05]} (10... Bf5 11.
Qa4 Be7 12. O-O-O) 11. Bg3 {[%emt 0:20:34]} Ke7 {[%emt 0:03:50]} (11... Rd8 12.
Qe2 f6 13. Nh4 Qf7 14. f4 exf4 15. Bxf4 (15. Bf2) 15... g5 16. O-O gxf4 17.
Rae1) 12. O-O {[%emt 0:10:12]} (12. Bxc6 Qxc6 13. Qe2) 12... Rd8 {[%emt 0:04:
06]} 13. Qe2 {[%emt 0:01:48]} f6 {[%emt 0:04:02]} 14. Nc5 {[%emt 0:02:18]} Bg4
{[%emt 0:04:07]} 15. Qc4 {[%emt 0:00:48]} 1-0

[Event "54th Ilmar Raud Memorial"]
[Site "Viljandi"]
[Date "2020.07.07"]
[Round "2.5"]
[White "Kukk, Sander"]
[Black "Volodin, Aleksandr"]
[Result "1-0"]
[WhiteElo "2194"]
[BlackElo "2497"]
[PlyCount "76"]
[EventDate "2020.??.??"]

1. b3 {[%emt 0:00:14]} e5 {[%emt 0:00:34]} 2. Bb2 {[%emt 0:00:47]} Nc6 {
[%emt 0:00:07]} 3. c4 {[%emt 0:09:06]} Nf6 {[%emt 0:01:12]} 4. Nc3 {[%emt 0:00:
24]} d5 {[%emt 0:06:03]} 5. cxd5 {[%emt 0:00:43]} Nxd5 {[%emt 0:00:06]} 6. g3 {
[%emt 0:03:21]} Be6 {[%emt 0:06:45]} 7. Bg2 {[%emt 0:00:16]} Be7 {[%emt 0:01:
15]} 8. Nf3 {[%emt 0:11:34]} O-O {[%emt 0:06:55]} 9. O-O {[%emt 0:03:49]} f6 {
[%emt 0:28:32]} 10. d3 {[%emt 0:08:37]} Nxc3 {[%emt 0:05:54]} 11. Bxc3 {
[%emt 0:01:53]} Qd7 {[%emt 0:02:01]} 12. Bb2 {[%emt 0:28:41]} a5 {[%emt 0:01:
44]} 13. a3 {[%emt 0:04:22]} Rfd8 {[%emt 0:11:06]} 14. Qc2 {[%emt 0:04:22]} a4
{[%emt 0:15:35]} 15. b4 {[%emt 0:01:47]} Bb3 {[%emt 0:00:08]} 16. Qc1 {[%emt 0:
00:20]} Bd5 {[%emt 0:02:10]} 17. Rd1 {[%emt 0:05:24]} Na7 {[%emt 0:01:34]} 18.
e4 {[%emt 0:04:44]} Bb3 {[%emt 0:01:43]} 19. Rd2 {[%emt 0:00:06]} Nb5 {[%emt 0:
03:19]} 20. d4 {[%emt 0:00:32]} exd4 {[%emt 0:00:21]} 21. Nxd4 {[%emt 0:00:07]}
Nxd4 {[%emt 0:00:17]} 22. Rxd4 {[%emt 0:00:43]} Bd6 {[%emt 0:00:17]} 23. Bf1 {
[%emt 0:03:16]} Qf7 {[%emt 0:00:48]} 24. Bc4 {[%emt 0:00:46]} Bxc4 {[%emt 0:00:
04]} 25. Qxc4 {[%emt 0:00:05]} Qxc4 {[%emt 0:03:47]} 26. Rxc4 {[%emt 0:00:05]}
c6 {[%emt 0:00:12]} 27. Rd1 {[%emt 0:04:08]} Be7 {[%emt 0:00:58]} 28. Rxd8+ {
[%emt 0:03:17]} Rxd8 {[%emt 0:00:09]} 29. b5 {[%emt 0:00:13]} (29. Rd4 Kf7 30.
f4 Rxd4 31. Bxd4 Ke6 32. Kf2 {[%csl Ra3]}) 29... cxb5 {[%emt 0:00:40]} 30. Rc7
{[%emt 0:00:04]} Rd2 {[%emt 0:00:49]} (30... Kf8 $1 31. Rxb7 b4 $3 {[#]} 32.
axb4 Rd2 33. Bc3 Rd3 34. Rc7 a3 35. Kg2 a2 36. Bb2 Rd2 37. Bc3 (37. Ba1 Rd1)
37... Rc2 38. Ra7 Rxc3 39. Rxa2 Bxb4 {[%csl Rb4,Rh1]}) 31. Rxe7 {[%emt 0:00:47]
} Rxb2 {[%emt 0:00:07]} 32. Rxb7 {[%emt 0:00:03]} h5 {[%emt 0:00:54]} 33. Kg2 {
[%emt 0:01:22]} Rb3 {[%emt 0:00:01]} 34. f4 {[%emt 0:00:30]} Rb2+ {[%emt 0:00:
30]} 35. Kh3 {[%emt 0:00:22]} Kh7 {[%emt 0:01:01]} 36. e5 {[%emt 0:00:46]} fxe5
{[%emt 0:00:28]} 37. fxe5 {[%emt 0:00:04]} Kg6 {[%emt 0:00:31]} 38. g4 {
[%emt 0:01:01]} hxg4+ {[%emt 0:00:33]} 1-0

[Event "54th Ilmar Raud Memorial"]
[Site "Viljandi"]
[Date "2020.07.07"]
[Round "2.6"]
[White "Miezis, Normunds"]
[Black "Olde, Margareth"]
[Result "1/2-1/2"]
[WhiteElo "2489"]
[BlackElo "2205"]
[PlyCount "84"]
[EventDate "2020.??.??"]

1. c4 {[%emt 0:00:08]} e5 {[%emt 0:00:05]} 2. g3 {[%emt 0:00:36]} (2. Nc3 Nf6
3. g3 c6 4. d4) 2... c6 {[%emt 0:00:12]} 3. d4 {[%emt 0:00:43]} e4 {[%emt 0:00:
09]} 4. Nc3 {[%emt 0:04:44]} d5 {[%emt 0:00:14]} 5. Bg2 {[%emt 0:00:08]} Nf6 {
[%emt 0:02:37][%csl Rd5][%cal Rc1g5,Rg1h3,Rh3f4,Rd1b3]} 6. cxd5 {[%emt 0:01:02]
} cxd5 {[%emt 0:00:07]} 7. f3 {[%emt 0:00:17]} Bb4 {[%emt 0:05:43]} 8. Bg5 {
[%emt 0:03:36]} O-O {[%emt 0:10:45]} 9. fxe4 {[%emt 0:05:29]} dxe4 {[%emt 0:01:
47]} 10. Bxe4 {[%emt 0:05:45]} Re8 {[%emt 0:16:14]} 11. Bxf6 {[%emt 0:03:47]} (
11. Bg2 Qa5 12. Bxf6 Bxc3+ 13. bxc3 Qxc3+ 14. Kf2 Qe3+ 15. Kf1 gxf6) 11... Qxf6
{[%emt 0:00:08]} 12. Qd3 {[%emt 0:00:24]} Nc6 {[%emt 0:04:11]} 13. Nf3 {
[%emt 0:01:53]} Bg4 {[%emt 0:08:54]} (13... Bh3 14. Kf2 Rad8 15. e3 Bxc3 (15...
g5) (15... h6 16. Nd5 Qd6 17. Nf4) 16. bxc3 h6 (16... g5 17. Kg1 (17. g4 Bxg4
18. Rag1 h5 19. h3 Ne5 20. dxe5 Rxe5 21. hxg4 Rxd3 22. Bxd3) 17... Rxe4 18.
Qxe4 Bf5)) 14. Bxc6 {[%emt 0:17:15]} (14. Bxh7+ Kh8 15. Be4 Rad8) 14... Qxc6 {
[%emt 0:03:14]} 15. O-O {[%emt 0:00:14]} f6 {[%emt 0:01:10]} 16. Rf2 {[%emt 0:
09:31]} Rad8 {[%emt 0:04:35]} 17. Nd2 {[%emt 0:08:44]} Kh8 {[%emt 0:07:33]} 18.
e3 {[%emt 0:01:36]} Bh5 {[%emt 0:02:01]} 19. Re1 {[%emt 0:04:15]} Bg6 {[%emt 0:
02:48]} 20. e4 {[%emt 0:01:07]} Bc5 {[%emt 0:05:36]} 21. Nf3 {[%emt 0:04:24]}
Bh5 {[%emt 0:07:50]} 22. Qb5 {[%emt 0:09:42]} Qxb5 {[%emt 0:00:10]} 23. Nxb5 {
[%emt 0:00:05]} Bb4 {[%emt 0:02:37]} 24. Re3 {[%emt 0:06:28]} a6 {[%emt 0:01:
10]} 25. Rb3 {[%emt 0:03:33]} Ba5 {[%emt 0:12:30]} (25... Bf8 26. Nc7 (26. Nc3
b5) 26... Rxe4 27. Rxb7 Re7 28. d5 Rc8 29. d6 Rd7 30. Rb3 Rxd6 31. Rc3 Kg8) 26.
Nc3 {[%emt 0:00:23]} Bxf3 {[%emt 0:00:29]} (26... b5 27. Ra3 Bxc3 28. bxc3 Rxe4
29. Rxa6 Re3) 27. Rxf3 {[%emt 0:00:07]} Rxd4 {[%emt 0:00:28]} 28. Rxb7 {
[%emt 0:00:29]} h6 {[%emt 0:00:38]} 29. Kg2 {[%emt 0:03:10]} Bxc3 {[%emt 0:00:
42]} 30. Rxc3 {[%emt 0:00:28]} Rexe4 {[%emt 0:00:19]} 31. Rc8+ {[%emt 0:01:29]}
Kh7 {[%emt 0:00:05]} 32. Rcc7 {[%emt 0:00:32]} Rg4 {[%emt 0:00:11]} 33. Rc6 {
[%emt 0:01:44]} f5 {[%emt 0:01:32]} 34. Rxa6 {[%emt 0:01:55]} Rd2+ {[%emt 0:00:
06]} 35. Kh3 {[%emt 0:00:52]} Re4 {[%emt 0:00:55]} 36. Raa7 {[%emt 0:00:11]}
Ree2 {[%emt 0:00:26]} 37. Rxg7+ {[%emt 0:00:09]} Kh8 {[%emt 0:00:01]} 38. Rh7+
{[%emt 0:00:18]} Kg8 {[%emt 0:00:02]} 39. Rag7+ {[%emt 0:00:16]} Kf8 {[%emt 0:
00:04]} 40. Rf7+ {[%emt 0:00:12]} Kg8 {[%emt 0:00:15]} (40... Ke8 41. Rxf5) 41.
Rfg7+ {[%emt 0:03:42]} Kf8 {[%emt 0:00:11]} 42. Rf7+ {[%emt 0:00:09]} Kg8 {
[%emt 0:00:05]} 1/2-1/2

[Event "54th Ilmar Raud Memorial"]
[Site "Viljandi"]
[Date "2020.07.07"]
[Round "3.1"]
[White "Meshkovs, Nikita"]
[Black "Pohjala, Henri"]
[Result "1-0"]
[WhiteElo "2582"]
[BlackElo "2358"]
[PlyCount "81"]
[EventDate "2020.??.??"]

1. g3 {[%emt 0:00:14]} d6 {[%emt 0:02:30]} 2. Bg2 {[%emt 0:03:48]} c6 {[%emt 0:
06:33]} 3. c4 {[%emt 0:01:30]} e5 {[%emt 0:07:11]} 4. d4 {[%emt 0:00:19]} Qc7 {
[%emt 0:01:46]} 5. Nc3 {[%emt 0:00:55]} Nf6 {[%emt 0:09:00]} 6. e4 {[%emt 0:00:
15]} Be7 {[%emt 0:05:32]} 7. Nge2 {[%emt 0:00:19]} O-O {[%emt 0:01:38]} 8. O-O
{[%emt 0:00:16]} a5 {[%emt 0:05:30]} 9. h3 {[%emt 0:00:39]} Na6 {[%emt 0:08:28]
} 10. Be3 {[%emt 0:01:20]} Bd7 {[%emt 0:18:09]} 11. Rc1 {[%emt 0:03:35]} Rad8 {
[%emt 0:12:48]} 12. Qd2 {[%emt 0:04:50]} exd4 {[%emt 0:05:48]} 13. Bxd4 {
[%emt 0:01:08]} Nc5 {[%emt 0:00:35]} 14. g4 {[%emt 0:00:45]} h6 {[%emt 0:05:30]
} 15. Ng3 {[%emt 0:01:06]} Rfe8 {[%emt 0:01:27]} 16. f4 {[%emt 0:01:55]} Bc8 {
[%emt 0:01:03]} 17. Rcd1 {[%emt 0:03:00]} Nfd7 {[%emt 0:01:45]} 18. Qf2 {
[%emt 0:03:18]} Bf8 {[%emt 0:02:23]} 19. b3 {[%emt 0:02:38]} Ne6 {[%emt 0:00:
23]} 20. Be3 {[%emt 0:00:02]} Nec5 {[%emt 0:00:07]} 21. Nce2 {[%emt 0:04:08]}
Ne6 {[%emt 0:00:45]} 22. Rd2 {[%emt 0:06:18]} Nec5 {[%emt 0:00:47]} 23. Rfd1 {
[%emt 0:00:03]} Na6 {[%emt 0:00:22]} 24. Bf3 {[%emt 0:02:13]} a4 {[%emt 0:00:
15]} 25. h4 {[%emt 0:00:42]} axb3 {[%emt 0:00:57]} 26. axb3 {[%emt 0:00:01]}
Ndc5 {[%emt 0:00:01]} 27. Nd4 {[%emt 0:00:18]} Nd7 {[%emt 0:01:43]} (27... d5
28. exd5 cxd5 29. cxd5 Qa5 30. g5 hxg5 31. hxg5 g6 32. f5 Bd6 33. Ne6 fxe6 34.
fxg6 Qc7 35. Nh5 Rf8 36. g7 Rf5 37. Qh4 Rxf3 38. Nf6+ Rxf6 39. gxf6) 28. g5 {
[%emt 0:00:23]} g6 {[%emt 0:00:35]} 29. gxh6 {[%emt 0:03:54]} Bxh6 {[%emt 0:00:
12]} 30. f5 {[%emt 0:00:22]} Bxe3 {[%emt 0:00:43]} 31. Qxe3 {[%emt 0:00:01]} d5
{[%emt 0:00:36]} 32. Rg2 {[%emt 0:00:43]} Qe5 {[%emt 0:00:42]} 33. fxg6 {
[%emt 0:22:46]} fxg6 {[%emt 0:00:02]} 34. Nh5 {[%emt 0:00:07]} Nf8 {[%emt 0:01:
05]} 35. Rg5 {[%emt 0:00:20]} Qe7 {[%emt 0:00:29]} 36. cxd5 {[%emt 0:01:33]}
Rxd5 {[%emt 0:00:30]} 37. Rg2 {[%emt 0:01:46]} Rd6 {[%emt 0:00:33]} 38. Rdd2 {
[%emt 0:04:06]} Qe5 {[%emt 0:00:28]} 39. Rg5 {[%emt 0:01:12]} Qe7 {[%emt 0:00:
32]} 40. Qf4 {[%emt 0:00:02]} Kh8 {[%emt 0:00:31]} 41. Nf5 {[%emt 0:00:41]} 1-0